| 000 | 00497nam a22001817a 4500 | ||
|---|---|---|---|
| 005 | 20231009123516.0 | ||
| 008 | 230816b |||||||| |||| 00| 0 eng d | ||
| 020 | _a978-93-5466-476-2 | ||
| 041 | _aeng | ||
| 082 | _a611.9 | ||
| 100 |
_aCHAURASIA'S, B.D _98202 |
||
| 245 | _aHUMAN ANATOMY: REGIONAL AND APPLIED DISSECTION AND CLINICAL[ LOWER LIMB ABDOMEN AND PELVIS] VOL-2 | ||
| 250 | _a9TH ED. 2023 | ||
| 260 |
_aNEW DELHI _bCBS _c2023 |
||
| 300 | _a532;p | ||
| 650 |
_aBPT _98203 |
||
| 942 | _cBK | ||
| 999 |
_c8362 _d8360 |
||